Pharmacognosy and Phytochemistry-II (Record no. 13417)

MARC details
000 -LEADER
fixed length control field 00453nam a22001817a 4500
003 - CONTROL NUMBER IDENTIFIER
control field OSt
008 - FIXED-LENGTH DATA ELEMENTS--GENERAL INFORMATION
fixed length control field 250424b |||||||| |||| 00| 0 eng d
020 ## - INTERNATIONAL STANDARD BOOK NUMBER
International Standard Book Number 978938953371
100 ## - MAIN ENTRY--PERSONAL NAME
Personal name Shukla, Prabodh
245 ## - TITLE STATEMENT
Title Pharmacognosy and Phytochemistry-II
250 ## - EDITION STATEMENT
Edition statement 3rd
260 ## - PUBLICATION, DISTRIBUTION, ETC. (IMPRINT)
Place of publication, distribution, etc Delhi
Name of publisher, distributor, etc Nirali
Date of publication, distribution, etc 2023
300 ## - PHYSICAL DESCRIPTION
Extent 14.20
650 ## - SUBJECT ADDED ENTRY--TOPICAL TERM
Topical term or geographic name as entry element Pharmacognosy and Phytochemistry-II
700 ## - ADDED ENTRY--PERSONAL NAME
Personal name Alok, Shakshi
700 ## - ADDED ENTRY--PERSONAL NAME
Personal name Shukla, Padmini
942 ## - ADDED ENTRY ELEMENTS (KOHA)
Source of classification or shelving scheme Dewey Decimal Classification
Koha item type Text Books
Holdings
Withdrawn status Lost status Source of classification or shelving scheme Damaged status Not for loan Collection code Home library Current library Date acquired Source of acquisition Currency Cost, normal purchase price Bill Number Total Checkouts Full call number Acc. no. / Barcode Date last seen Actual Cost, discounted price Bill Date Koha item type Date last borrowed
    Dewey Decimal Classification     B.Pharma PIET C-LIBRARY PIET C-LIBRARY 15/04/2025 Zafaa Books Distributres Rs 240.00 ZBD0026   615.321 SHT BP2744 24/04/2025 180.00 11/04/2025 Reference Books  
    Dewey Decimal Classification     B.Pharma PIET C-LIBRARY PIET C-LIBRARY 15/04/2025 Zafaa Books Distributres Rs 240.00 ZBD0026 1 615.321 SHT BP2745 21/07/2025 180.00 11/04/2025 Text Books 07/07/2025
    Dewey Decimal Classification     B.Pharma PIET C-LIBRARY PIET C-LIBRARY 15/04/2025 Zafaa Books Distributres Rs 240.00 ZBD0026 2 615.321 SHT BP2746 15/07/2025 180.00 11/04/2025 Text Books 16/06/2025

Design & Developed by: PIET Central Library
R70 Miles Stone Pattikalyana Samalkha Panipat 132102
mail ID :- [email protected], Phone No:- 0180-2569700 Ex.216